| 000 | 00570nam a22001817a 4500 | ||
|---|---|---|---|
| 008 | 160823b xxu||||| |||| 00| 0 eng d | ||
| 020 | _a9719229659 | ||
| 082 |
_22004 _aDFil 899.2103 _bV66 |
||
| 100 |
_913564 _aMontero, Jose V. |
||
| 245 |
_aCuentos Filipinos/ _cJose V. Montero |
||
| 260 |
_aQuezon City: _bADMU Press, _cc2004. |
||
| 300 |
_avii, 277 pages: _billustrations; _c21 cm. |
||
| 500 | _aInclude glossary | ||
| 650 | 0 |
_913567 _aShort stories, Philippine (Spanish) |
|
| 700 |
_913569 _aPrado, Renan S. _eTranslator |
||
| 365 |
_b420.00 _cPhp. |
||
| 942 |
_2ddc _cDFIL |
||
| 999 |
_c4075 _d4075 |
||